Guess the lyrics (#90) - Statistics

General Stats
  • This quiz has been taken 105 times
  • The average score is 160 of 314
Answer Stats
Answer % Correct
I
99%
a
97%
a,
97%
the
87%
We
87%
we
87%
me
86%
me,
86%
you
86%
and
82%
do
80%
to,
79%
he
77%
He
77%
it
76%
It
76%
be
74%
in
74%
love
74%
She
74%
she
74%
so
74%
So
74%
can
72%
for
69%
where
69%
my
66%
what
66%
her
63%
Then
63%
Was
63%
was
63%
have
61%
But,
60%
But
60%
like
59%
oh,
59%
as
57%
don't
57%
had
56%
get
55%
girl
55%
know
55%
by
54%
at
53%
Did
53%
did
53%
Summer
53%
summer
53%
Tell
53%
tell
53%
How
52%
more,
52%
more
52%
up
52%
boy
51%
does
49%
lovin',
49%
nights
49%
out
48%
car?
47%
got
47%
Well
46%
well
46%
Well,
46%
Could
45%
our
44%
just
41%
put
41%
blast
40%
days
40%
Down
40%
down
40%
far?
40%
met
40%
Met
40%
those
39%
uh
39%
very
39%
cute
37%
fast
37%
fight?
37%
first
37%
mean
37%
crazy
36%
off
36%
went
36%
around
34%
away
34%
happened
34%
now
34%
made
33%
sand
33%
good,
32%
life,
32%
sight?
32%
told
32%
under
30%
friend?
29%
hand
29%
sun,
29%
thing
29%
drifting
26%
splashing
26%
that's
26%
she's
25%
Took
25%
uh
24%
drowned
23%
nearly
22%
saved
22%
showed
22%
ten
22%
'Cause
21%
dock
21%
ran
21%
doin'
20%
fling
20%
much
20%
ooh
20%
something's
20%
still
20%
swam
20%
sweet,
20%
true
20%
Yeah
20%
dreams
18%
friends
18%
we'd
18%
begun
17%
cramp
17%
damp
17%
o’clock
17%
stayed
17%
bowling
16%
ends
16%
holding
16%
lemonade
16%
seams
16%
arcade
15%
friendly
15%
ripped
15%
strolling,
15%
suit
15%
til
15%
colder,
14%
drank
14%
spend?
14%
Wonder
14%
dough
13%
meet
13%
gotta
11%
heat,
11%
turned
11%
drag
10%
eighteen
10%
vow
10%
sounds
8%
brag
7%
dooby
7%
Woah,
6%
woah,
6%
woah
6%
bop
5%
Shooda
1%
No matching quizzes found
Score Distribution
Percent of People with Each Score
Percentile by Number Answered
Your Score History
You have not taken this quiz